Panrita Sasterawan Negara
| Main Author: | |
|---|---|
| Format: | Book |
| Published: |
Kuala Lumpur :
Dewan Bahasa & Pustaka ,
2003
|
| Subjects: |
MARC
| LEADER | 00000cam a2200000 7i4500 | ||
|---|---|---|---|
| 001 | 0000014474 | ||
| 005 | 20050415.0 | ||
| 020 | |a 9831378520 | ||
| 040 | |a INS | ||
| 090 | 0 | 0 | |a PL5136. |b P149 2003 |
| 100 | 1 | |a Arena Wati | |
| 245 | 1 | 0 | |a Panrita Sasterawan Negara |c Arena Wati |
| 260 | |a Kuala Lumpur : |b Dewan Bahasa & Pustaka , |c 2003 | ||
| 300 | |a vii : |b 343p ; |c 21cm. | ||
| 650 | 0 | 0 | |a Malay Fiction |
| 999 | |a 0000014400 |b BOOK |c Open Shelf |e Default branch | ||